Leading Teachers (Record no. 16937)

MARC details
000 -LEADER
fixed length control field 00391nam a22001457a 4500
008 - FIXED-LENGTH DATA ELEMENTS--GENERAL INFORMATION
fixed length control field 180709b xxu||||| |||| 00| 0 eng d
020 ## - INTERNATIONAL STANDARD BOOK NUMBER
International Standard Book Number 0826464564
100 ## - MAIN ENTRY--PERSONAL NAME
Personal name Gunter, Helen M.
245 ## - TITLE STATEMENT
Title Leading Teachers
Statement of responsibility, etc. Helen M. Gunter
260 ## - PUBLICATION, DISTRIBUTION, ETC. (IMPRINT)
Place of publication, distribution, etc. London
Name of publisher, distributor, etc. Continuum
Date of publication, distribution, etc. 2005
300 ## - PHYSICAL DESCRIPTION
Extent xiii, 129p.
650 ## - SUBJECT ADDED ENTRY--TOPICAL TERM
Topical term or geographic name as entry element Teachers
Form subdivision Training of
650 ## - SUBJECT ADDED ENTRY--TOPICAL TERM
Topical term or geographic name as entry element Educational Leadership
942 ## - ADDED ENTRY ELEMENTS (KOHA)
Source of classification or shelving scheme Library of Congress Classification
Koha item type General Collection
Holdings
Withdrawn status Lost status Source of classification or shelving scheme Not for loan Home library Current library Date acquired Cost, normal purchase price Total Checkouts Full call number Barcode Date last seen Price effective from Koha item type Copy number
    Library of Congress Classification   Kabarak, Main Campus Kabarak, Main Campus 09/07/2018 3950.00   LB1707 .G86 2005 c.1 025315 09/07/2018 09/07/2018 General Collection  
    Library of Congress Classification   Kabarak, Main Campus Kabarak, Main Campus 09/07/2018 3950.00   LB1707 .G86 2005 c.2 025316 09/07/2018 09/07/2018 General Collection  
    Library of Congress Classification   Kabarak, Main Campus Kabarak, Main Campus 09/07/2018 3950.00   LB1707 .G86 2005 c.3 025317 09/07/2018 09/07/2018 General Collection  
    Library of Congress Classification   Kabarak, Main Campus Kabarak, Main Campus 09/07/2018 3950.00   LB1707 .G86 2005 c.4 025318 09/07/2018 09/07/2018 General Collection  
    Library of Congress Classification   Kabarak, Main Campus Kabarak, Main Campus 24/09/2018 3950.00   LB1707 .G86 2005 c. 5 022164 24/09/2018 09/07/2018 General Collection c. 5
Designed with assistance from East African Informatics Ltd